000
00347nam a2200169Ia 4500
100
_a
Dani/Asang
650
_a
Embedded systems
942
_c
BK
366
_f
20
654
_a
embedded
245
_a
Go Embedded
260
_b
BPB Publications
_a
Mumbai
_c
2008
082
_a
003.3/DAN
_b
DAN
300
_a
424
546
_a
ENGLISH
999
_c
23136
_d
23136